[Event "5th Vardaris Open 2019"]
[Site "Thessaloniki"]
[Date "2019.03.09"]
[Round "3.2"]
[White "Sidiropoulos, Nikolaos"]
[Black "Stanojoski, Zvonko"]
[Result "1-0"]
[WhiteElo "2112"]
[BlackElo "2453"]
[Annotator "TA"]
[PlyCount "67"]
[EventDate "2019.02.27"]
[EventType "swiss"]
[EventCountry "GRE"]
[SourceTitle "playchess.com"]
[Source "ChessBase"]
[SourceQuality "1"]

{[%evp 9,67,22,27,27,43,50,79,68,87,69,108,20,93,87,91,35,48,33,18,38,29,0,0,0,0,0,0,0,0,-277,-262,-341,-236,-279,-277,-318,-273,-365,-379,-326,-275,-270,-31,-31,803,-204,-220,-373,2400,2481,2341,2162,2143,1988,1981,1787,1723,1644,1441,1254]} 1. d4 d5 2. c4 e6 3. Nf3 c6 4. e3 Nf6 5. Nbd2 {[%cal Bb1d2,Bd2c4,Bc4e5][%mdl 32]} a6 (5... Nbd7 6. Bd3 Bd6 7. O-O O-O 8. e4 e5 9. cxd5 cxd5 10. Re1 h6 11. exd5 exd4 12. Nc4 Nb6 13. Nxd6 Qxd6 14. Nxd4 Nbxd5 15. Bf1 Rd8 16. Nb5 Qb6 17. Qf3 Bd7 18. Nc3 Bc6 19. Nxd5 Rxd5 20. b3 Re5 21. Qc3 Ng4 22. Be3 Nxe3 23. Qxe5 {½-½ (23) Onischuk,A (2685)-Duda,J (2697) Khanty-Mansiysk 2017}) 6. Bd3 {D30: Queen's Gambit Declined: Systems without Nc3} dxc4 7. Nxc4 b5 8. Nce5 {White is better.} c5 9. O-O c4 10. Bb1 $146 (10. Ng5 $16 Ra7 11. Be2) ({Predecessor:} 10. Bc2 Bb7 11. Ng5 Qb6 12. Ngxf7 Rg8 13. a4 {0-1 (41) Radice,L (1972)-Vuelban,V (2353) Liscate 2011}) 10... Bd6 (10... Nbd7 $1 $11 {keeps the balance.}) 11. a4 Bb7 12. b3 (12. Ng5 $1 $16 {[%cal Rg5f7]} Rf8 13. e4) 12... c3 $14 13. axb5 axb5 14. Rxa8 Bxa8 15. Qd3 (15. Nxf7 $5 Kxf7 16. e4 $1 $15 {[%mdl 512]}) 15... Qa5 16. Ng5 Bxe5 $1 17. dxe5 Nfd7 $1 18. f4 {And now f5 would win.} b4 19. Nxf7 $2 {[%mdl 8192]} (19. f5 $11 {and White has nothing to worry.} Qxe5 20. fxe6 Qxg5 21. e4 Qc5+ 22. Be3) 19... Kxf7 $19 20. f5 Qd5 {[%csl Ga8][%cal Rd5g2]} (20... Qxe5 21. fxe6+ Kxe6 22. Qc4+ Ke7 23. Qxb4+ Kd8 24. Rf5 $19) 21. fxe6+ Kxe6 {[%csl Ga8][%cal Rd5g2]} 22. Qf5+ Ke7 {[%csl Ga8][%cal Rd5g2]} 23. e4 Qc5+ (23... Qxe5 $2 24. Bg5+ Kd6 25. Bf4 $18) 24. Kh1 {aiming for Bg5+.} Kd8 ({Not} 24... Qxe5 $2 25. Bg5+ Kd6 26. Bf4 $18) 25. Qg5+ Qe7 $2 (25... Kc8 $19 26. e6 Qxg5 27. exd7+ Nxd7 28. Bxg5 Re8) 26. e6 $1 $15 Nc5 $2 {[%mdl 8192]} (26... Qxg5 $15 27. Bxg5+ Ke8 28. exd7+ Nxd7) 27. Qe5 $4 {[%mdl 8192] [#]} (27. Rd1+ $18 {was the only winning move.} Nbd7 28. exd7 Qxg5 29. Bxg5+ Kc7 30. d8=Q+ Rxd8 31. Bxd8+ Kc8 32. Be7 Bxe4 33. Bxe4 Nxe4 34. Kg1) 27... Kc8 $1 $19 ({And not} 27... Nc6 28. Qd5+ Ke8 29. Bg5 $11) 28. Rf7 $2 (28. Bg5 Qc7 29. Qf5) 28... Rf8 $4 {[%mdl 8192]} (28... Nc6 $19 29. Qd5 Rd8 30. Rxe7 Rxd5 31. exd5 Nxe7) 29. Bf4 $18 {[%csl Gf4][%cal Re5b8] White is clearly winning.} (29. Rxe7 $2 {leads to mate.} Rf1#) 29... Nc6 30. Rxf8+ Kb7 31. Rf7 {[%mdl 64] White threatens Qxc5 and mate. Double Attack} Nxe5 32. Rxe7+ Kb6 33. Bxe5 Nxb3 34. Rd7 {Accuracy: White = 39%, Black = 39%.} 1-0

[Event "5th Vardaris Open 2019"]
[Site "Thessaloniki"]
[Date "2019.03.09"]
[Round "3.3"]
[White "Malikentzos, Sotirios"]
[Black "Rahmanidis, Petros"]
[Result "0-1"]
[WhiteElo "2450"]
[BlackElo "2112"]
[Annotator "TA"]
[PlyCount "118"]
[EventDate "2019.02.27"]
[EventType "swiss"]
[EventCountry "GRE"]
[SourceTitle "playchess.com"]
[Source "ChessBase"]
[SourceQuality "1"]

{[%evp 11,118,17,24,12,61,60,61,19,29,8,35,0,0,0,4,0,5,-14,-9,-34,-28,-23,-39,-61,-64,-68,-67,-75,-64,-76,-66,-68,-44,-92,-59,-72,-8,-34,-61,-29,62,54,412,418,380,238,179,165,135,-2,0,-150,-132,-129,-136,-266,-253,-550,-548,-548,-547,-547,-533,-430,-54,-715,-572,-687,-671,-5716,-1704,-1297,-1264,-29954,-29960,-29956,-29961,-29956,-29958,-29947,-29950,-29939,-10168,-6732,-9727,-6301,-6068,-5914,-5620,-29971,-29971,-29974,-6605,-29978,-29972,-29974,-29975,-29976,-29977,-29982,-29983,-29983,-29984,-29983,-29984,-29985,-29986,-29986,-29987]} 1. Nf3 d6 2. d4 Nf6 3. g3 g6 4. Bg2 Bg7 5. O-O O-O 6. b3 a5 7. c4 {A49: 1 d4 Nf6 2 Nf3 g6 3 g3: Anti-King's Indian systems} Nfd7 (7... a4 8. b4 e5 9. Bb2 e4 10. Ne1 Bf5 11. Nc2 Qc8 12. Nc3 Bh3 13. a3 Bxg2 14. Kxg2 h5 {½-½ (37) Dreev,A (2670)-Andreikin,D (2719) St Petersburg 2018}) 8. Nc3 Na6 9. Bb2 {White is slightly better.} e5 10. e3 $146 ({Predecessor:} 10. Qd2 Re8 11. dxe5 Nxe5 12. Nxe5 dxe5 13. Qxd8 Rxd8 14. Rfd1 Re8 {0-1 (41) Cosma,E (2313)-Bulmaga,I (2388) Calimanesti Caciulata 2017}) 10... f5 11. Qd2 e4 12. Ne1 Nf6 13. f3 {[%cal Rf3e4]} Re8 14. Rd1 d5 15. cxd5 Nb4 16. fxe4 fxe4 17. Nc2 Nbxd5 18. Nxd5 Nxd5 19. Rf2 Qg5 20. Rdf1 Bf5 21. Bc1 h5 22. Na3 Bh6 23. Qe2 Kg7 (23... Nxe3 $2 24. Nc4 $18) (23... c6 $17) 24. Qb5 Rad8 $1 25. Nc4 Rh8 (25... h4 $11 26. gxh4 Qxh4) 26. Ne5 $14 (26. Qxa5 h4 $15) 26... h4 $2 {[%mdl 8192]} (26... Qe7 $14) 27. g4 $1 $18 Bxg4 28. Nf7 (28. Rf7+ Kg8 $18) 28... Qh5 29. Nxd8 Rxd8 30. Rf7+ (30. Qxa5 $6 Bf5 $11) (30. Bxe4 $16 Bxe3 31. Bxe3 (31. Qxa5 Bxf2+ 32. Rxf2 h3 $11) 31... Nxe3 32. Qxh5 (32. Qxb7 Nxf1 33. Rxf1 Bh3 $11) 32... Bxh5 33. Re1) 30... Kg8 {...Be2 is the strong threat.} 31. h3 (31. Qxa5 h3 $17) (31. Qxb7 Bf5) ({White should play} 31. Kh1 $1 $11) 31... Bf5 $17 ({Much weaker is} 31... Bxe3+ 32. Bxe3 Be2 33. Qc5 $11 (33. Qxa5 Bxf1 34. Rxf1 Nxe3 $11)) 32. R7xf5 gxf5 33. Qxb7 (33. Kh1 $17) 33... Bxe3+ $19 34. Bxe3 $2 (34. Kh1 Bxc1 35. Rxc1) 34... Nxe3 35. Qxc7 Qg5 {[%csl Ge3][%cal Rg5g2]} 36. Rf2 Rxd4 {And now ...Qg3 would win.} 37. Kh2 Rd3 $2 $40 {[%mdl 128] Black mounts an attack.} (37... Qd8 $19 38. Qe5 Qd6 39. Qxd6 Rxd6) 38. Qb8+ $2 {[%mdl 8192]} (38. Bxe4 $15 Qg3+ 39. Qxg3+ hxg3+ 40. Kxg3 fxe4 41. Kf4) 38... Kh7 39. Qc7+ Kh6 40. Re2 Nd5 (40... f4 $142 41. Qc6+ Kg7 42. Qc7+ Kf8 43. Rxe3 fxe3) 41. Qc6+ Kh7 {( -> ...Qg3+)} 42. Qd7+ Ne7 43. Qc7 Qg3+ 44. Qxg3 hxg3+ {[%mdl 4096] Endgame KRB-KRN} 45. Kg1 Rd1+ 46. Bf1 Nd5 47. Kg2 Nf4+ 48. Kxg3 Nxe2+ 49. Bxe2 {KR-KB} Rd2 50. Bh5 Kh6 51. Bf7 Rxa2 (51... Kg5 $142 52. h4+ Kf6 53. Be8 Rxa2 54. Bd7 e3 55. Kf3 {[#]} f4 $1 {[%mdl 512]} 56. Bb5 Rf2+ 57. Kg4 Ke5 58. h5 e2 59. Bxe2 Rxe2 60. h6 Rh2 61. Kf3 Rxh6 62. Ke2 Rh3 63. Ke1 f3 64. Kf2 Kf4 65. b4 axb4 66. Ke1 Rh2 67. Kf1 b3 68. Ke1 b2 69. Kf1 b1=Q#) 52. h4 Kg7 {Black mates.} 53. Bc4 Kf6 54. Bb5 Ra3 55. Ba4 {[#]} Rxa4 $1 56. bxa4 Kg6 57. Kf4 Kh5 58. Kg3 e3 59. Kf3 f4 {Accuracy: White = 31%, Black = 53%.} 0-1

[Event "5th Vardaris Open 2019"]
[Site "Thessaloniki"]
[Date "2019.03.09"]
[Round "3.4"]
[White "Stefan, Victor"]
[Black "Nikolaou, Spiridon"]
[Result "0-1"]
[WhiteElo "2065"]
[BlackElo "2235"]
[Annotator "NA"]
[PlyCount "70"]
[EventDate "2019.02.27"]
[EventType "swiss"]
[EventCountry "GRE"]
[SourceTitle "playchess.com"]
[Source "ChessBase"]
[SourceQuality "1"]
[TimeControl "6000+30"]

1. d4 Nf6 2. c4 g6 3. Nc3 Bg7 4. e4 O-O 5. Nf3 d6 6. Be2 e5 7. d5 a5 8. Bg5 h6 9. Be3 {LiveBook: 148 Games} Ng4 {E92: King's Indian: Classical: 6 Be2 e5: 7 dxe5, 7 Be3 and Petrosian System without 7...Nbd7} 10. Bd2 Na6 (10... f5 11. h3 Nf6 12. exf5 gxf5 13. g3 Na6 14. Qc1 Kh7 15. Nh4 Nc5 16. Be3 Nfe4 17. Nxe4 Nxe4 {½-½ (42) Korobov,A (2678)-Kovalev,V (2650) Poikovsky 2018}) 11. h3 Nf6 12. g4 Nc5 13. Qc2 c6 14. Be3 cxd5 15. cxd5 Ncxe4 $146 ({Predecessor:} 15... b6 16. Nd2 Bd7 17. a4 {1-0 (54) Cuenca Jimenez,J (2478)-Alonso Garcia,R (2346) Llucmajor 2017}) 16. Nxe4 Nxd5 17. Qd2 Nxe3 18. fxe3 d5 19. Nc3 Be6 20. e4 dxe4 21. Qxd8 $1 Raxd8 22. Nd2 f5 23. O-O-O e3 $15 24. Nc4 f4 25. Nxa5 Rd4 26. Bf3 Rc8 27. Kb1 e4 28. Rxd4 exf3 29. Rxf4 Bxc3 30. bxc3 Bd5 31. c4 g5 32. Rd4 f2 33. cxd5 e2 34. Rdd1 exd1=Q+ 35. Rxd1 Re8 0-1

[Event "5th Vardaris Open 2019"]
[Site "Thessaloniki"]
[Date "2019.03.09"]
[Round "3.5"]
[White "Tilicheev, Viacheslav"]
[Black "Triantos, Konstantinos"]
[Result "1-0"]
[WhiteElo "2540"]
[BlackElo "2062"]
[Annotator "TA"]
[PlyCount "115"]
[EventDate "2019.02.27"]
[EventType "swiss"]
[EventCountry "GRE"]
[SourceTitle "playchess.com"]
[Source "ChessBase"]
[SourceQuality "1"]

{[%evp 14,115,54,28,33,22,30,31,60,32,87,88,187,187,192,177,198,137,144,125,178,106,367,106,112,85,81,45,43,29,16,29,18,6,86,43,36,20,98,79,72,74,88,74,77,41,74,78,170,151,227,226,293,315,470,461,422,437,431,421,560,550,666,645,9134,6211,6079,5433,9134,9134,9134,7124,5065,4500,29978,29979,29974,29980,29980,29981,29981,29982,29982,29983,29983,29984,29984,29985,29985,29985,29984,29984,29987,29988,29989,29990,29990,29991,29992,29993,29994,29994,29994,29995]} 1. e4 c5 2. Nf3 d6 3. d4 cxd4 4. Nxd4 Nf6 5. Nc3 Nc6 6. Bg5 Bd7 7. Bxf6 gxf6 8. Nf5 Qa5 {B60: Sicilian: Richter-Rauzer: Unusual Black 6th moves and 6...Bd7 without 7 Qd2} 9. Bb5 a6 10. Bxc6 bxc6 {White is slightly better.} 11. Qd3 Rg8 ({Black should play} 11... d5 $14 12. exd5 cxd5) 12. O-O $16 O-O-O $146 (12... Rb8 $16) ({Predecessor:} 12... Bxf5 13. exf5 Rg5 14. h4 Rg4 15. Rfe1 Kd7 {½-½ (15) Stets,D (2479)-Zubarev,A (2597) Schwaebisch Gmuend 2012}) 13. b4 $18 Qb6 14. a4 d5 15. a5 (15. exd5 $18 e6 16. dxe6 (16. a5 Qb7 $16) 16... Bxe6 17. Qf3) 15... Qb7 $16 16. Na4 Qb5 (16... dxe4 $16 {was called for.} 17. Qxe4 Be6) 17. Nb6+ (17. Qh3 $18) 17... Kb7 $2 {[%mdl 8192]} (17... Kc7 $16 {keeps fighting.}) 18. Qh3 $2 (18. c4 $1 $18 {[%cal Rc4b5] and the rest is easy.} dxc4 19. Nxc4) 18... Bxf5 19. exf5 Qe2 20. Rae1 ({And not} 20. Qxh7 Qg4 $17) 20... Qg4 $1 {[%cal Rg4h3] And now ...Qxh3 would win.} 21. Qxg4 Rxg4 22. f4 $1 e6 23. fxe6 {Hoping for e7.} fxe6 (23... Bxb4 $11 {keeps the balance.} 24. exf7 Rg7) 24. Rxe6 Bxb4 25. Rxf6 Rf8 (25... Bxa5 $11 {remains equal.} 26. Na4 Kc7) 26. Nd7 Rxf6 27. Nxf6 {[%mdl 4096] Endgame KRB-KRN} Bc5+ 28. Kh1 Rg7 29. f5 Rf7 30. Nh5 Be3 (30... Kc7 $16) 31. g4 $1 $18 d4 (31... Kc7 $16 {was worth a try.} 32. Kg2 Bd2) 32. Kg2 c5 33. Rb1+ Kc6 (33... Kc7 {is a better defense.} 34. Rb6 c4) 34. Rb6+ Kd5 35. Nf6+ Kc4 36. Ne4 Rd7 37. Rxa6 d3 38. cxd3+ Kxd3 39. Rd6+ Rxd6 40. Nxd6 c4 {[#]} 41. Nxc4 $1 {[%mdl 512]} Kxc4 {KB-KP} 42. f6 Kb5 43. h4 Kxa5 {KB-K3P} 44. g5 {White mates.} Kb5 45. f7 Bc5 {[#]} 46. h5 $1 Kc6 47. g6 hxg6 {[#] KB-KPP} 48. h6 $1 {[%cal Rh6h7]} ({Avoid the trap} 48. hxg6 $2 Bf8 $19) 48... Kd7 49. h7 Ke7 50. h8=Q Kxf7 51. Qh7+ Kf6 52. Qh4+ Kg7 53. Kf3 Bf8 54. Ke4 Kf7 55. Qf4+ Ke7 56. Kd5 Bg7 57. Qc7+ Kf6 58. Qe5+ {Accuracy: White = 71%, Black = 31%.} 1-0

[Event "5th Vardaris Open 2019"]
[Site "Thessaloniki"]
[Date "2019.03.09"]
[Round "3.6"]
[White "Yordanov, Nikolay Plamenov"]
[Black "Kanakaris, Georgios"]
[Result "0-1"]
[WhiteElo "2242"]
[BlackElo "2403"]
[Annotator "NA"]
[PlyCount "92"]
[EventDate "2019.02.27"]
[EventType "swiss"]
[EventCountry "GRE"]
[SourceTitle "playchess.com"]
[Source "ChessBase"]
[SourceQuality "1"]
[TimeControl "6000+30"]

1. e4 c5 2. c3 d6 3. d4 Nf6 4. Bd3 e6 5. Nf3 Be7 6. O-O {B07: Pirc Defence: Miscellaneous Systems} Nbd7 7. Re1 Qc7 (7... O-O 8. Nbd2 cxd4 9. cxd4 b6 10. Nf1 Bb7 11. Ng3 Rc8 12. Qe2 Re8 13. Bd2 {½-½ (27) Fressinet,L (2696)-Vachier Lagrave,M (2715) Clichy 2011}) 8. Nbd2 e5 9. a4 $146 ({Predecessor:} 9. dxe5 dxe5 10. a4 O-O 11. Nc4 Rd8 12. Bg5 Nb6 13. Qc2 {0-1 (51) Doric,N (2369)-Loncar,R (2385) Kastav 2004}) 9... O-O 10. d5 Ne8 11. Nc4 g6 12. Bh6 Ng7 13. Ne3 Nf6 14. h3 Kh8 15. Bg5 Nfh5 16. Bh6 f5 17. Ng5 f4 18. Ng4 Bxg5 19. Bxg5 f3 20. g3 c4 21. Re3 h6 22. Nxh6 cxd3 23. Rxf3 Bd7 24. Qxd3 Kh7 25. Ng4 $14 Rae8 26. Qe3 Rxf3 27. Qxf3 Qc8 28. Nf6+ Nxf6 29. Qxf6 Bxh3 30. Qxd6 Qg4 31. Kh2 Qh5 32. Qf6 Kg8 33. Be3 Bd7+ 34. Qh4 Qf3 35. Bxa7 Nh5 36. Re1 Nf6 37. Be3 g5 38. Qxg5+ Kf7 39. Qh4 Rg8 40. Kg1 Rg7 41. Qh1 Bg4 42. Qg2 Rh7 43. Bg5 Nxe4 44. Bh4 Nd2 45. Kh2 Rxh4+ 46. gxh4 Qf4+ 0-1

[Event "5th Vardaris Open 2019"]
[Site "Thessaloniki"]
[Date "2019.03.09"]
[Round "3.7"]
[White "Nomin-Erdene, Davaademberel"]
[Black "Patrikos, Ioannis"]
[Result "1-0"]
[WhiteElo "2389"]
[BlackElo "2083"]
[Annotator "NA"]
[PlyCount "81"]
[EventDate "2019.02.27"]
[EventType "swiss"]
[EventCountry "GRE"]
[SourceTitle "playchess.com"]
[Source "ChessBase"]
[SourceQuality "1"]
[TimeControl "6000+30"]

1. e4 d5 2. exd5 Qxd5 3. Nc3 Qd8 4. d4 Nf6 5. Nf3 Bg4 6. h3 Bxf3 {B01: Scandinavian Defence} 7. Qxf3 c6 8. Ne2 (8. Be3 e6 9. O-O-O Bb4 10. Ne4 Nxe4 11. Qxe4 Qd5 12. Qxd5 cxd5 13. c4 dxc4 14. Bxc4 {1-0 (41) Dominguez Perez,L (2739)-Pichot,A (2552) chess.com INT 2018}) 8... e6 9. g4 Qd5 10. Bg2 Qxf3 11. Bxf3 Bd6 $146 ({Predecessor:} 11... Na6 12. c3 Bd6 13. O-O Nc7 14. c4 {1-0 (51) Haast,A (2365)-Milovic,A (2202) Reykjavik 2015}) 12. g5 Nd5 13. c4 Ne7 14. Bd2 Nd7 15. h4 O-O-O 16. Bc3 Nf5 17. O-O-O Rhe8 18. b4 e5 19. Bg4 g6 20. Bxf5 gxf5 21. Kc2 e4 22. c5 Bc7 23. d5 $16 cxd5 24. Rxd5 Ne5 25. Rhd1 Rxd5 26. Rxd5 e3 27. f4 Nf3 28. Rxf5 Re7 29. h5 Kd7 30. Rf6 Ke8 31. Kd3 Nh4 32. b5 Ng2 33. Bd4 Ne1+ 34. Kc4 Nf3 35. Bc3 Re4+ 36. Kd3 Re7 37. Rh6 Nh4 38. Rxh7 Ng2 39. Rh8+ Kd7 40. h6 Bxf4 41. h7 1-0

[Event "5th Vardaris Open 2019"]
[Site "Thessaloniki"]
[Date "2019.03.09"]
[Round "3.8"]
[White "Gavrish, Leonid"]
[Black "Spyropoulos, Nikolaos"]
[Result "0-1"]
[WhiteElo "2092"]
[BlackElo "2385"]
[Annotator "NA"]
[PlyCount "216"]
[EventDate "2019.02.27"]
[EventType "swiss"]
[EventCountry "GRE"]
[SourceTitle "playchess.com"]
[Source "ChessBase"]
[SourceQuality "1"]
[TimeControl "6000+30"]

1. d4 Nf6 2. c4 e6 3. Nc3 Bb4 4. e3 O-O 5. Bd3 d5 6. cxd5 exd5 7. Nge2 Re8 8. O-O $1 Bf8 9. f3 c5 {E48: Nimzo-Indian: Rubinstein: 5 Bd3 d5 including 6 Ne2, but excluding 6 a3} 10. Qe1 Nc6 11. Qh4 g6 12. Bd2 $146 ({Predecessor:} 12. Rd1 Be6 13. Bd2 Nd7 14. Qf2 Bg7 15. Rac1 cxd4 16. exd4 Nb6 17. b3 {1-0 (46) Adly,A (2460)-Kurajica,B (2548) Turin 2006}) 12... b6 13. Rad1 Bb7 14. Bc1 Bg7 15. Bb1 Qe7 16. Rfe1 Rad8 17. Kh1 Na5 18. dxc5 bxc5 19. b3 Nc6 20. e4 dxe4 $1 21. Nxe4 Nxe4 22. Qxe7 Nf2+ 23. Kg1 Nh3+ 24. gxh3 Rxe7 25. Rxd8+ Nxd8 26. Kf2 Bf6 27. Be3 Ne6 28. Rd1 Ng5 $11 29. Ng1 Ne6 30. Ne2 Kg7 31. Rd2 Bh4+ 32. Ng3 Ng5 33. Bxc5 Nxh3+ 34. Kg2 Nf4+ 35. Kf2 Re8 36. Bxa7 Bg5 37. Rd7 Bc8 38. Bd4+ Kg8 39. Ra7 Rd8 40. Ra8 Rxd4 41. Rxc8+ Kg7 42. Ne4 Bh6 43. Bc2 f5 44. Rc7+ Kf8 45. Nf6 Rd2+ 46. Kf1 Bg7 47. Nxh7+ Kg8 48. Ng5 Bd4 49. b4 Rxh2 50. Bb3+ Kh8 51. Rc8+ Kg7 52. Ne6+ Nxe6 53. Bxe6 Rf2+ 54. Ke1 Rxf3 55. Bd5 Re3+ 56. Kf1 f4 57. a4 Ra3 58. a5 f3 59. Rc7+ Kh6 60. Rc1 g5 61. b5 Rxa5 62. Bxf3 Rxb5 63. Rc6+ Kg7 64. Kg2 Bf6 65. Kg3 Rb3 66. Kg4 Rb4+ 67. Kg3 Kg6 68. Bd1 Kf5 69. Bc2+ Ke5 70. Bd1 Be7 71. Rg6 Bf6 72. Rg8 Rc4 73. Bf3 Kf5 74. Be2 Rc3+ 75. Kg2 Kf4 76. Rf8 Rc6 77. Ra8 Rc2 78. Re8 Bd4 79. Rf8+ Ke4 80. Re8+ Kf5 81. Rf8+ Bf6 82. Kf1 Rc6 83. Kg2 Kf4 84. Ra8 Rc2 85. Re8 g4 86. Kf1 Bd4 87. Bxg4 Kxg4 88. Re2 Rc1+ 89. Re1 Rc3 90. Ke2 Kf4 91. Kd2 Ra3 92. Re8 Be5 93. Kc2 Ke4 94. Re7 Rc3+ 95. Kd2 Rb3 96. Kc2 Rb2+ 97. Kc1 Rh2 98. Kb1 Rb2+ 99. Kc1 Ra2 100. Kb1 Rg2 101. Re8 Kd4 102. Re7 Kd5 103. Re8 Bc3 104. Rc8 Kd4 105. Rc7 Kd3 106. Rd7+ Bd4 107. Rc7 Rg6 108. Rd7 Ra6 0-1

[Event "5th Vardaris Open 2019"]
[Site "Thessaloniki"]
[Date "2019.03.09"]
[Round "3.9"]
[White "Delorme, Alban"]
[Black "Gavriil, Odysseas-Panagiotis"]
[Result "1-0"]
[WhiteElo "2305"]
[BlackElo "2065"]
[Annotator "NA"]
[PlyCount "99"]
[EventDate "2019.02.27"]
[EventType "swiss"]
[EventCountry "GRE"]
[SourceTitle "playchess.com"]
[Source "ChessBase"]
[SourceQuality "1"]
[TimeControl "6000+30"]

1. e4 c6 2. d4 d5 3. Nc3 dxe4 4. Nxe4 Nd7 5. Bc4 Ngf6 6. Nxf6+ Nxf6 {LiveBook: 303 Games} 7. c3 Qc7 8. Nf3 Bf5 9. O-O {B17: Caro-Kann: Modern Line (4...Nd7)} e6 10. Re1 (10. Qe2 Bg4 11. h3 Bxf3 12. Qxf3 Be7 13. Re1 O-O 14. g3 Rad8 15. Kg2 Rd7 16. h4 a6 17. a4 c5 18. dxc5 Qxc5 19. Bb3 Qb6 20. Bc2 Rfd8 21. Re2 a5 {½-½ (34) Leko,P (2723)-Wang,H (2710) Beijing 2014}) 10... Bd6 11. b4 $146 (11. Bd3 $14 Bxd3 12. Qxd3) ({Predecessor:} 11. Ne5 h6 12. Qf3 O-O 13. g4 Bxe5 14. gxf5 Bxh2+ 15. Kg2 Bd6 16. Rh1 Rae8 17. Bg5 Nh7 18. Bxh6 gxh6 19. Rxh6 {½-½ (81) Shanava,K (2545)-Paichadze,L (2559) Lagodekhi 2016}) 11... O-O 12. a3 Rfe8 13. h3 h6 14. Qb3 Nd5 15. Bf1 Nf4 16. c4 Qd8 17. Bb2 Qf6 18. d5 Qg6 19. Nh4 Bc2 20. Qc3 Qg5 21. g3 Bf5 $18 (21... Ba4 $142 22. Nf3 Qg6) 22. Nxf5 exf5 23. dxc6 bxc6 24. Qf3 Rxe1 25. Rxe1 Nh5 26. c5 Bf8 27. h4 Qg4 28. Bg2 Rc8 29. Qxg4 fxg4 30. Re4 Nf6 31. Bxf6 gxf6 32. Rxg4+ Kh7 33. Rd4 Rc7 34. Rd8 Kg7 35. Bh3 a5 36. Rd7 Rxd7 37. Bxd7 axb4 38. axb4 Kg6 39. Bxc6 Kf5 40. f4 Be7 41. Kf2 Ke6 42. Ke3 Bf8 43. Kd4 Ke7 44. b5 Kd8 45. Kd5 Kc7 46. b6+ Kc8 47. Be8 Kb7 48. Bxf7 Ka6 49. Kc6 Be7 50. Bc4+ 1-0

[Event "5th Vardaris Open 2019"]
[Site "Thessaloniki"]
[Date "2019.03.09"]
[Round "3.10"]
[White "Triantafilidis, Mihail"]
[Black "Markidis, Konstantinos"]
[Result "1/2-1/2"]
[WhiteElo "2070"]
[BlackElo "2293"]
[Annotator "NA"]
[PlyCount "61"]
[EventDate "2019.02.27"]
[EventType "swiss"]
[EventCountry "GRE"]
[SourceTitle "playchess.com"]
[Source "ChessBase"]
[SourceQuality "1"]
[TimeControl "6000+30"]

1. e4 e5 2. Nf3 Nc6 3. Bb5 g6 4. O-O Bg7 5. c3 a6 6. Ba4 Nge7 7. d4 exd4 8. cxd4 b5 9. Bb3 d6 10. h3 (10. a4 $5 {[%cal Ra4b5]}) 10... O-O 11. Nc3 Bb7 12. a4 Na5 13. axb5 axb5 14. Nxb5 Bxe4 15. Ba2 (15. Bc2 $11 Bc6 16. Bd3) 15... Nac6 16. Nc3 $15 Bf5 17. Re1 h6 18. Be3 Nb4 19. Bb3 Rb8 20. g4 Bd7 21. d5 Re8 22. Bd4 c5 23. dxc6 Nbxc6 24. Bxg7 Kxg7 25. Ne4 d5 26. Bxd5 Bxg4 27. Bxc6 Qxd1 28. Raxd1 Bxf3 29. Bxe8 Bxd1 30. Bxf7 Kxf7 31. Rxd1 1/2-1/2

[Event "5th Vardaris Open 2019"]
[Site "Thessaloniki"]
[Date "2019.03.09"]
[Round "4.1"]
[White "Nikolaou, Spiridon"]
[Black "Sidiropoulos, Nikolaos"]
[Result "1/2-1/2"]
[WhiteElo "2235"]
[BlackElo "2112"]
[Annotator "NA"]
[PlyCount "26"]
[EventDate "2019.02.27"]
[EventType "swiss"]
[EventCountry "GRE"]
[SourceTitle "playchess.com"]
[Source "ChessBase"]
[SourceQuality "1"]
[TimeControl "6000+30"]

1. Nf3 d5 2. c4 d4 3. e3 Nc6 4. d3 e5 5. a3 a5 6. g3 Nf6 7. e4 Be7 8. Bg2 O-O 9. O-O Nd7 10. Nbd2 a4 11. Ne1 Nc5 12. f4 exf4 13. gxf4 f5 1/2-1/2